Universal Religion/ (Record no. 201150)

MARC details
000 -LEADER
fixed length control field 00564nam a22001937a 4500
005 - DATE AND TIME OF LATEST TRANSACTION
control field 20240301163317.0
010 ## - LCCN (DPL NO)
LC control number ENG-139439
020 ## - INTERNATIONAL STANDARD BOOK NUMBER
International Standard Book Number 9788192256108
Terms of availability 630.00
035 ## - SYSTEM CONTROL NUMBER
System control number EN-122971
037 ## - SOURCE OF ACQUISITION
Source of stock number/acquisition DBAD/PUB
082 ## - DEWEY DECIMAL CLASSIFICATION NUMBER
Classification number 294.5921
Edition number 1
Item number 1
100 ## - MAIN ENTRY--PERSONAL NAME
Personal name Chakraburtty, Sneh
245 ## - TITLE STATEMENT
Title Universal Religion/
Statement of responsibility, etc By Sheh Chakraburtty
Medium English
260 ## - PUBLICATION, DISTRIBUTION, ETC. (IMPRINT)
Place of publication, distribution, etc Delhi
Name of publisher, distributor, etc Ankit Informatics Ltd
270 ## - ADDRESS
Address Ankit Informatics Pvt Ltd
City Delhi
Postal code 110092
300 ## - PHYSICAL DESCRIPTION
Extent 412Pages
Dimensions 22.cm pbk
760 ## - MAIN SERIES ENTRY
Edition 1
942 ## - ADDED ENTRY ELEMENTS (KOHA)
Item type English Books
Classification part 294.5921
Source of classification or shelving scheme Dewey Decimal Classification
Call number suffix CHA
Edition 2011
Holdings
Withdrawn status Lost status Not for loan Collection code Home library Current library Date acquired Source of acquisition Cost, normal purchase price Full call number Barcode Copy number Cost, replacement price Koha item type
      Non-fiction Peshwa Road Peshwa Road 29/02/2024 DBAD/PUB 630.00 294.5921 CHA EN-122971 1 630.00 English Books

© Delhi Public Library
Hit Counter
free hit counter